Случаят "Георги Марков" (Запис номер 322717)
[ съкратено ]
| 000 -Лидер | |
|---|---|
| Контролно поле с фиксирана дължина | 01610aam a2200385 a 4500 |
| 003 - Код на организацията, давaща контролен номер | |
| Контролно поле | BLK |
| 005 - Дата и час на последна редакция | |
| Контролно поле | 20231004143540.0 |
| 008 - Елементи от данни с фиксирана дължина | |
| fixed length control field | 181012b bu |||gr|||| 00| 0 bu d |
| 020 ## - Международен стандартен номер на книга ISBN | |
| Международен стандартен номер на книга ISBN | 9789543985579 |
| 040 ## - Източник на каталожния запис | |
| Идентификатор на билиотеката - собственик на записа | BLK |
| 041 ## - Код за език | |
| Код за езика на текст/звукозапис или на отделно заглавие | Български |
| Код за езика КДБФ | Български |
| 080 ## - УДК | |
| Текстов определител УДК | Българска литература |
| УДК код - определител по УДК | 821.163.2 |
| УДК определител | (092) |
| УДК - код + определител | 821.163.2(092) |
| 080 ## - УДК | |
| Текстов определител УДК | Български писател, драматург, дисидент |
| УДК код - определител по УДК | 929 Марков, Георги Иванов |
| УДК - код + определител | 929 Марков, Георги Иванов |
| УДК определител | 821.163.2(092) |
| 100 ## - Редна дума - Автор | |
| Автор | Асенов, Бончо Станоев |
| R(LIN) | 363484 |
| Авторска отговорност | първи автор |
| 139 ## - Редно поле | |
| Редна дума | Асенов, Бончо Станоев |
| Авторски знак | Марк - М 32 |
| 245 ## - Сведения за заглавието | |
| Заглавие | Случаят "Георги Марков" |
| 260 ## - Област на издателските данни | |
| Година на издаване | 2018 |
| 9 (RLIN) | 209481 |
| Място на издаване, разпространение и проч. | София |
| Име на издателя, разпространителя и проч. | Труд |
| Печатница | Алианс принт |
| Дата на отпечатване | 2018 |
| Издателство - префикс ISBN | 978-954-398- ; 978-954-528- |
| 300 ## - Физическа характеристика | |
| Страници | 280 с. |
| Илюстрации и др. | с ил. |
| Размери/Мащаб | 21 см |
| 380 ## - Жанр | |
| Жанр | Общ отдел |
| 500 ## - Общи забележки | |
| Забележка | Биогр. данни за авт. отбелязани на гърба на предзагл. с.<br/> |
| 504 ## - Забележка за наличие на библиография и др | |
| Забележка за наличие на библиография и под. | Библиогр.: с. 273-278 |
| 600 14 - Име на лице, използвано като предмет | |
| 9 (RLIN) | 93259 |
| За него / За нея | Марков, Георги |
| 650 #0 - Допълнително описание по предмет – тема | |
| 9 (RLIN) | 316180 |
| Основно описание – тема или топоним | Писатели, български - в емиграция |
| 653 #7 - Ключова дума – ненормативна | |
| 9 (RLIN) | 193792 |
| Ключова дума | писатели |
| 653 #7 - Ключова дума – ненормативна | |
| 9 (RLIN) | 185256 |
| Ключова дума | дисиденти |
| 653 #7 - Ключова дума – ненормативна | |
| 9 (RLIN) | 186254 |
| Ключова дума | емигранти |
| 700 ## - Други автори (авторска отговорност) | |
| 9 (RLIN) | 244077 |
| Лично име | Паскалева, Олга |
| Автороска отговорност (Описва отношението между автора и произведението) | худож. |
| 852 ## - Местоположение | |
| Форматна сигнатура | Цб 292077 |
| 999 ## - СИСТЕМНИ КОНТРОЛНИ НОМЕРА | |
| Koha biblionumber | 322717 |
| Koha biblioitemnumber | 322717 |
| 942 ## - АРТИКУЛИ | |
| Вид на библиотечния материал | Книги |
| Източник на класификационната схема | Universal Decimal Classification |
| Скрит в OPAC | Не |
| Koha issues (borrowed), all copies | 23 |
| 944 ## - СЪЗДАВАНЕ И РЕДАКЦИЯ на ЗАПИСА | |
| Създаване/Редакция | Редакция |
| Дата на регистрацията/редакция | 2018-12-04 |
| Служител, извършил регистрацията/редакцията | 30530 |
| Статус, дата на статуса | Минев Младен |
| 999 ## - СИСТЕМНИ КОНТРОЛНИ НОМЕРА | |
| Koha biblioitemnumber | 322717 |
| 999 ## - СИСТЕМНИ КОНТРОЛНИ НОМЕРА | |
| Koha biblioitemnumber | 322717 |
| 999 ## - СИСТЕМНИ КОНТРОЛНИ НОМЕРА | |
| Koha biblioitemnumber | 322717 |
| 999 ## - СИСТЕМНИ КОНТРОЛНИ НОМЕРА | |
| Koha biblioitemnumber | 322717 |
| Код за отписване | Код за изгубен артикул | Източник на класификационната схема | Код за повреда | Коз за рестрикции | Код за отдаване | Артикулен № | Име на библиотеката - собственик | Име на библиотеката, в която се намира в момента | Статус (Текущо местоположение) | Дата на вписване в системата | Местоположение - отдел | Цена в лева | Инвентарен номер | Систематично азбучна сигнатура | Баркод | Цена в евро | Служебен тип на артикула |
|---|---|---|---|---|---|---|---|---|---|---|---|---|---|---|---|---|---|
| Не е изгубен | Universal Decimal Classification | Не е повреден | без рестрикции | заемане за дома | 677025 | Регионална библиотека "Любен Каравелов" Русе | Регионална библиотека "Любен Каравелов" Русе | Заемна - подръчен фонд | 2018-06-01 | Заемна - подръчен фонд | 7.30 | 120000820757 | П 821.163.2.09(092)/М 32 | 120000820757 | 3.73 | Книги | |
| Не е изгубен | Universal Decimal Classification | Не е повреден | без рестрикции | заемане за дома | 677063 | Регионална библиотека "Любен Каравелов" Русе | Регионална библиотека "Любен Каравелов" Русе | Заемна - подръчен фонд | 2018-06-01 | Заемна - подръчен фонд | 7.50 | 120000820794 | П 821.163.2.09(092)/М 32 | 120000820794 | 3.83 | Книги | |
| Не е изгубен | Universal Decimal Classification | Не е повреден | без рестрикции | ползва се в читалня | 684480 | Регионална библиотека "Любен Каравелов" Русе | Регионална библиотека "Любен Каравелов" Русе | Хранилище | 2018-12-06 | Хранилище | 10.00 | Цб 292077 | 120000826210 | 5.11 | Книги |